Statistics for Cities in the Denver Metro Area on a Map

Click here to take the quiz!

General Stats

  • This quiz has been taken 449 times
  • The average score is 11 of 26

Answer Stats

Population City % Correct
704,621Denver
97%
366,623Aurora
84%
154,958Lakewood
69%
118,807Arvada
65%
20,571Golden
57%
136,978Thornton
57%
112,812Westminster
57%
47,734Littleton
56%
110,250Centennial
54%
55,923Commerce City
52%
68,341Broomfield
52%
54,202Parker
50%
96,713Highlands Ranch
44%
34,407Englewood
43%
62,276Castle Rock
43%
31,294Wheat Ridge
40%
40,562Brighton
32%
38,928Northglenn
28%
15,721Greenwood Village
26%
32,438Ken Caryl
19%
12,744Federal Heights
18%
24,280Columbine
15%
11,207Berkley
15%
10,517The Pinery
12%
14,846Welby
5%
18,287Sherrelwood
5%

Score Distribution

Percentile by Number Answered

Percent of People with Each Score

Your Score History

You have not taken this quiz